000 01273cam a22003617a 4500
003 CHAP
005 20220329141304.0
008 971010s1980 r 00010 d
010 _a65841
011 _a66813
035 _a75794
040 _cCHAP
090 _aTesis
100 0 0 _aGarcía Maldonado, Filemón.
_946243
245 0 _aEvaluación de la gomosis (Phytophtora citrophthora y P. parasitica) en el municipio de Llera, Tamps.
260 _aChapingo, Méx. :
_bEl autor,
_c1980
300 _a49 h.
_b; láms. ; gráfs.
502 _aTesis (Ing. Agr. Esp. en Fitotecnia). -- UACH. Departamento de Fitotecnia
590 _aALEPH
_b10
_c20130110
_lUCH01
_h1358
590 _aBATCH-UPD
_b10
_c20130110
_lUCH01
_h0651
590 _aBATCH-UPD
_b10
_c20130410
_lUCH01
_h0335
590 _aBATCH-UPD
_b10
_c20130914
_lUCH01
_h1529
590 _aCONVERSION
_b10
_c20130109
_lUCH01
_h1336
650 1 4 _aLimón
_xEnfermedades.
_966825
650 1 4 _aPhytophthora citrophthora.
_987922
650 1 4 _aPhytophthora parasitica.
_987928
901 _aBK
942 _cTESIS
949 _bBC
_cTES
_d-38864
_eTS1
_i75794
_si
949 _bBC
_cTES
_d-38865
_eTS1
_fc.2
_i75794
_si
949 _bBC
_cTES
_d-38866
_eTS1
_fc.3
_h22040
_i75794
_si
949 _bZA
_cTESBD
_d-8771
_eTS1
_h114
_i75794
_si
999 _c65841
_d65841